[Event "Open A"]
[Site "Oberwart AUT"]
[Date "2007.07.09"]
[Round "3"]
[White "Alvir,A"]
[Black "Dziuba,M"]
[Result "1/2-1/2"]
[WhiteElo "2375"]
[BlackElo "2536"]

1.e4 c5 2.Nf3 e6 3.d4 cxd4 4.Nxd4 a6 5.Bd3 Bc5 6.Nb3 Ba7 7.Qg4 Nf6 8.Qg3 d6
9.Nc3 Nc6 10.Bg5 h6 11.Bd2 Nh5 12.Qf3 Qh4 13.g3 Ne5 14.Qe2 Qg4 15.O-O-O Qxe2
16.Bxe2 Nf6 17.f4 Neg4 18.Be1 Ke7 19.Rd3 Nf2 20.Bxf2 Bxf2 21.Na5 Bb6 22.Nc4 Bc7
23.Rhd1 Rd8 24.Bf3 Ne8 25.Ne3 Bd7 26.e5 Bc6 27.Bxc6 bxc6 28.exd6+ Nxd6 29.Ng4 f6
30.Nf2 g5 31.Ne2 c5 32.Rf3 Rab8 33.Re1 f5 34.Nc3 gxf4  1/2-1/2

[Event "Open"]
[Site "Banska Stiavnica SVK"]
[Date "2007.07.10"]
[Round "4"]
[White "Pacher,M"]
[Black "Zpevak,P"]
[Result "1/2-1/2"]
[WhiteElo "2255"]
[BlackElo "2423"]

1.e4 c5 2.Nf3 e6 3.d4 cxd4 4.Nxd4 a6 5.Bd3 Nf6 6.O-O Qc7 7.Qe2 d6 8.c4 g6
9.Nc3 Bg7 10.Be3 O-O 11.Rac1 b6 12.Rfd1 Bb7 13.f3 Nbd7 14.Qf2 Rac8 15.Bf1 Qb8
16.b4 Rfe8 17.Nb3 Bc6 18.c5 bxc5 19.Bxa6 Qxb4 20.Bxc8 Rxc8 21.Qd2 Ne8 22.Ne2 Qxd2  1/2-1/2

[Event "6th IM"]
[Site "Condom FRA"]
[Date "2007.07.10"]
[Round "5"]
[White "Roser,K"]
[Black "Van Elst,A"]
[Result "1/2-1/2"]
[WhiteElo "2408"]
[BlackElo "2294"]

1.e4 c5 2.Nf3 e6 3.d4 cxd4 4.Nxd4 a6 5.Bd3 Nf6 6.O-O Qc7 7.Qe2 d6 8.c4 g6
9.Nc3 Bg7 10.Nf3 Nc6 11.h3 O-O 12.Bf4 Nd7 13.Rac1 Nde5 14.Rfd1 b6 15.Qe3 Bb7
16.Be2 Nxf3+ 17.Bxf3 Nd4 18.Bh2 e5 19.Nd5 Bxd5 20.cxd5 Qd7 21.Rc3 Rac8 22.Rdc1 Rc5
23.b4 Rxc3 24.Rxc3 Rc8 25.Bd1 h5 26.Bg3 Kh7 27.f3 Nb5 28.Rxc8 Qxc8 29.Qd3 Qc1
30.Kh2 Bh6 31.Bf2 Qb2 32.Bxb6 Bf4+ 33.Kg1 Qa1 34.Qf1 Qxa2 35.Be2 Qa4 36.Bxb5 axb5
37.Qb1 Bd2 38.Ba5 Qa3 39.h4 Kh6 40.Kh2 g5 41.hxg5+ Kxg5 42.Qf1 h4 43.g3 hxg3+
44.Kxg3 Bxb4 45.Bxb4 Qxb4 46.Qc1+ Kg6 47.Kh4 f6 48.Qg1+ Kh6 49.Qc1+ Kg6  1/2-1/2

[Event "Ikaros Festival"]
[Site "Agios Kirykos GRE"]
[Date "2007.07.13"]
[Round "7"]
[White "Zakarian,D"]
[Black "Kesoglou,K"]
[Result "1-0"]
[WhiteElo "2344"]
[BlackElo "2118"]

1.e4 c5 2.Nf3 e6 3.d4 cxd4 4.Nxd4 a6 5.Bd3 Nc6 6.c3 g6 7.O-O Bg7 8.Nxc6 dxc6
9.Be3 Ne7 10.a4 a5 11.Na3 b6 12.Nc4 Rb8 13.Bf4 Ra8 14.Nd6+ Kf8 15.Qf3 f6
16.Rad1 g5 17.Bxg5 Qxd6 18.Bxf6 Kg8 19.Bc4 Nd5 20.exd5 exd5 21.Rxd5 cxd5
22.Bxd5+ Be6 23.Bxa8 Bf7 24.Bh4 h6 25.Rd1 Qe5 26.Rd8+ Kh7 27.Be4+ Bg6 28.Bxg6+ Kxg6
29.Qg3+ Qxg3 30.hxg3 Rf8 31.Rxf8 Bxf8 32.Bd8 Bc5 33.b4 b5 34.bxc5 bxa4 35.Bxa5 a3
36.c4  1-0

[Event "22nd North Sea Cup"]
[Site "Esbjerg DEN"]
[Date "2007.07.15"]
[Round "5"]
[White "Bindzus,N"]
[Black "Skovgaard,Pe2"]
[Result "1/2-1/2"]
[WhiteElo "2081"]
[BlackElo "2251"]

1.e4 c5 2.Nf3 e6 3.d4 cxd4 4.Nxd4 a6 5.Bd3 Bc5 6.Ne2 Nf6 7.O-O Nc6 8.Ng3 h5
9.h3 Qc7 10.Qf3 Ne5 11.Qf4 h4 12.Ne2 b5 13.Be3 Bd6 14.Qg5 Kf8 15.Bd4 Bb7
16.Nd2 Rh6 17.Rac1 Rc8 18.Qe3 Bc5 19.f4 Nc4 20.Bxc4 bxc4 21.Rce1 Bxd4 22.Qxd4 Qc6
23.Nc3 Nh5 24.Nf3 Qc5 25.Rd1 Ke7 26.Rf2 Qxd4 27.Rxd4 Ng3 28.Rfd2 Rc7 29.Ne5 d6
30.Nxc4 d5 31.exd5 exd5 32.Ne3 Kf8 33.Ncxd5 Rc8 34.Rb4 Bxd5 35.Rxd5 Re6 36.Kf2 Rce8
37.Rd3 Ne4+ 38.Kf3 g5 39.f5 Re5 40.Rd5 Nd2+ 41.Rxd2 Rxe3+ 42.Kf2 R3e5 43.Rb3 Rxf5+
44.Rf3 Rfe5 45.c4 R8e6 46.b4 Re4 47.Rc2 Rc6 48.Rf5 Rcxc4 49.Rxc4 Rxc4 50.Rxg5 Rc2+
51.Kf3 Rxa2 52.Rg4 Ra4 53.Rf4 Ra3+ 54.Ke4 Ra2 55.Kf3  1/2-1/2

[Event "FSIMA July"]
[Site "Budapest HUN"]
[Date "2007.07.16"]
[Round "10"]
[White "Cooke,E"]
[Black "Vegh,E"]
[Result "1/2-1/2"]
[WhiteElo "2213"]
[BlackElo "2313"]

1.e4 c5 2.Nf3 e6 3.d4 cxd4 4.Nxd4 a6 5.Bd3 Bc5 6.Nb3 Ba7 7.Nc3 Nc6 8.Qe2 d6
9.Be3 Nge7 10.O-O e5 11.Bxa7 Rxa7 12.f4 exf4 13.Rxf4 Ng6 14.Rf2 O-O 15.Nd5 Be6
16.Raf1 b5 17.Qe3 Re8 18.Nd4 Nxd4 19.Qxd4 Rb7 20.a4 Qb8  1/2-1/2

[Event "FSIMA July"]
[Site "Budapest HUN"]
[Date "2007.07.16"]
[Round "10"]
[White "Cooke,E"]
[Black "Vegh,E"]
[Result "1/2-1/2"]
[WhiteElo "2213"]
[BlackElo "2313"]

1.e4 c5 2.Nf3 e6 3.d4 cxd4 4.Nxd4 a6 5.Bd3 Bc5 6.Nb3 Ba7 7.Nc3 Nc6 8.Qe2 d6
9.Be3 Nge7 10.O-O e5 11.Bxa7 Rxa7 12.f4 exf4 13.Rxf4 Ne5 14.Rf2 O-O 15.Nd5 Be6
16.Raf1 b5 17.Qe3 N7c6 18.Nd4 Nxd4 19.Qxd4 Rb7 20.a4 Qb8  1/2-1/2

[Event "Heart of Finland"]
[Site "Jyvaskyla FIN"]
[Date "2007.07.16"]
[Round "2"]
[White "Aijala,Jou"]
[Black "Miezis,N"]
[Result "0-1"]
[WhiteElo "2108"]
[BlackElo "2524"]

1.e4 c5 2.Nf3 e6 3.d4 cxd4 4.Nxd4 a6 5.Bd3 Nc6 6.Nxc6 dxc6 7.Nd2 Bd6 8.Nc4 Bc7
9.Qg4 g6 10.Bd2 e5 11.Qe2 b5 12.Ne3 Nf6 13.a4 O-O 14.O-O Nh5 15.g3 Bh3 16.Rfd1 Qe7
17.axb5 axb5 18.Rxa8 Rxa8 19.Ng2 Ng7 20.Qf3 Ne6 21.g4 Bxg2 22.Kxg2 Ra2 23.Rb1 Qd6
24.Qd1 Bd8 25.Qc1 Bh4 26.Be3 Qd8 27.Ra1 Rxa1 28.Qxa1 Bg5 29.Qe1 Bxe3 30.Qxe3 Nf4+
31.Kg3 h5 32.h3 h4+ 33.Kh2 Qa5 34.b3 Qa1 35.c4 b4 36.Be2 Qe1 37.Bf3 Qf1 38.Bh1 Ne2
39.f4 exf4 40.Qb6 Kg7 41.Bg2 Qe1 42.e5 f3  0-1

[Event "Middlesex vs Young England"]
[Site "London ENG"]
[Date "2007.07.16"]
[Round "6"]
[White "Kilpatrick,C"]
[Black "Winkelmann,E"]
[Result "1-0"]
[WhiteElo "2120"]
[BlackElo "2162"]

1.e4 c5 2.Nf3 e6 3.d4 cxd4 4.Nxd4 a6 5.Bd3 Bc5 6.Nb3 Ba7 7.Qe2 d6 8.O-O Nf6
9.Be3 Nc6 10.Bxa7 Rxa7 11.a4 b6 12.c4 e5 13.Nc3 Be6 14.Qe3 a5 15.Be2 O-O
16.Rfd1 Nb4 17.Rac1 Ne8 18.Nb5 Rd7 19.Rd2 f5 20.exf5 Bxf5 21.Bf3 Rf6 22.Nc3 Rh6
23.g3 Nf6 24.Nd5 Nfxd5 25.Bxd5+ Kh8 26.Be4 Bxe4 27.Qxe4 Rf6 28.Rcd1 Qf8 29.c5 bxc5
30.Nxc5 Rdf7 31.Nd3 Nxd3 32.Qxd3 h6 33.Qe3 Rb7 34.Rc1 Rf3 35.Qe4 Rb4 36.Qd5 Kh7
37.Qxa5 Qb8 38.Qd5 Rf6 39.a5 Qa7 40.Rc8 Rd4 41.Rxd4 exd4 42.Rc4 Qe7 43.Qxd4 Qe1+
44.Kg2 Qxa5 45.h4 Qb5 46.Rc7 Qe2 47.Qxf6  1-0

[Event "XXII Tadeusz Gniota Mem"]
[Site "Police POL"]
[Date "2007.07.16"]
[Round "6"]
[White "Panocki,A"]
[Black "Figura,A"]
[Result "1/2-1/2"]
[WhiteElo "2273"]
[BlackElo "2413"]

1.e4 c5 2.Nf3 e6 3.d4 cxd4 4.Nxd4 a6 5.Bd3 Bc5 6.Nb3 Be7 7.Qg4 g6 8.Qe2 d6
9.a4 b6 10.O-O Bb7 11.Na3 Nd7 12.a5 b5 13.c4 b4 14.Nc2 Ngf6 15.Bh6 Nc5 16.Nd2 Rb8
17.Rfd1 Ba8 18.Nd4 Nfd7 19.N4b3 Bf6 20.Rab1 g5 21.Bc2 Rg8 22.Nf3 Qe7 23.Nxc5 Nxc5
24.e5 Bxf3 25.Qxf3 Bxe5 26.h4 g4 27.Qe3 f5 28.Bf4 Bxf4 29.Qxf4 Rd8 30.Re1 Rf8
31.Rbd1 Kf7 32.Rd5 Qxh4 33.Rxd6 Rxd6 34.Qxd6 Rc8 35.Rxe6 Nxe6 36.Qd7+ Qe7
37.Qxc8 Nd4 38.g3 Kg6 39.Qg8+ Kh6 40.Qd5 Qe1+ 41.Kg2 Nxc2 42.Qxf5 Qe2  1/2-1/2

[Event "XII Open"]
[Site "Balaguer ESP"]
[Date "2007.07.17"]
[Round "2"]
[White "Arun,K"]
[Black "Korneev,O"]
[Result "1-0"]
[WhiteElo "2329"]
[BlackElo "2565"]

1.e4 c5 2.Nf3 e6 3.d4 cxd4 4.Nxd4 a6 5.Bd3 Bc5 6.Nb3 Be7 7.c4 d6 8.O-O Nf6
9.Nc3 Nbd7 10.f4 b6 11.a4 Bb7 12.a5 Nc5 13.Nxc5 bxc5 14.Qe2 Nd7 15.Rd1 Qc7
16.e5 dxe5 17.f5 Nf6 18.fxe6 fxe6 19.Bg5 O-O-O 20.Be4 Nxe4 21.Nxe4 Rxd1+
22.Rxd1 Rd8 23.Bxe7 Qxe7 24.Rxd8+ Kxd8 25.Qd2+ Kc7 26.Qg5 Qxg5 27.Nxg5 Kd7
28.Nxh7 Be4 29.Ng5 Bc2 30.Kf2 Bb3 31.Nf3 e4 32.Nd2 Bc2 33.Ke3 Bd3 34.b3 Bc2
35.Nxe4 Kc6 36.Nd2 g5 37.h3 Kc7 38.Ne4 Bxb3 39.Kd3 Kc6 40.Nxg5 Kd6 41.Ne4+ Kc6
42.Nc3 Kd6 43.g4 Ke5 44.g5 Kf5 45.h4 e5 46.Ne4 Ba4 47.Nxc5 Bc6 48.Ke3 Kg4
49.Nd3 Kxh4 50.Nxe5 Ba4 51.g6 Bc2 52.Nd3 Bb3 53.Kd4  1-0

[Event "22nd North Sea Cup"]
[Site "Esbjerg DEN"]
[Date "2007.07.17"]
[Round "7"]
[White "Bindzus,N"]
[Black "Tonndorf,M"]
[Result "1-0"]
[WhiteElo "2081"]
[BlackElo "2237"]

1.e4 c5 2.Nf3 e6 3.d4 cxd4 4.Nxd4 a6 5.Bd3 Nf6 6.O-O d6 7.c4 g6 8.Nc3 Bg7
9.Qe2 O-O 10.Kh1 Nc6 11.Nxc6 bxc6 12.f4 Qc7 13.Bd2 c5 14.Rae1 Bb7 15.Qf3 Rad8
16.Qh3 d5 17.cxd5 exd5 18.e5 Ne4 19.Bc1 Nxc3 20.bxc3 c4 21.Bc2 Rfe8 22.Be3 Bc8
23.Qg3 f6 24.Bd4 fxe5 25.fxe5 Be6 26.h4 Rf8 27.h5 gxh5 28.Qg5 Rxf1+ 29.Rxf1 Rf8
30.Rxf8+ Kxf8 31.Bxh7 h4 32.Bg6 h3 33.gxh3 Kg8 34.h4 Qa5 35.Qe7  1-0

[Event "XII Open"]
[Site "Balaguer ESP"]
[Date "2007.07.18"]
[Round "3"]
[White "Padmini,R"]
[Black "Castellanos,R"]
[Result "1/2-1/2"]
[WhiteElo "2246"]
[BlackElo "2471"]

1.e4 c5 2.Nf3 e6 3.d4 cxd4 4.Nxd4 a6 5.Bd3 Bc5 6.Nb3 Be7 7.O-O d6 8.c4 Nf6
9.Nc3 b6 10.Qe2 Bb7 11.f4 Nbd7 12.Be3 O-O 13.h3 g6 14.g4 Re8 15.Rad1 Qc7
16.Bd4 e5 17.fxe5 Nxe5 18.Bxe5 dxe5 19.Nd5 Nxd5 20.cxd5 b5 21.Rc1 Qb6+ 22.Qf2 Qxf2+
23.Kxf2 Rac8 24.Na5 Rxc1 25.Rxc1 Rc8 26.Nc6 Kf8 27.Rc3 Bd6 28.Bc2 Bxc6 29.dxc6 Bb4
30.Rf3 Rxc6 31.Bb3 f6 32.g5 Be7 33.gxf6 Bxf6 34.Rc3 Rxc3 35.bxc3 Bd8 36.Bd5 Ba5
37.Bb7 Bxc3 38.Bxa6 b4 39.Bc4 h5 40.Kf3 Ke7 41.Bd5 Kf6 42.Bc4 Bd2 43.Bd5 Kg5
44.Bc4 Kh4 45.Be6 Bf4 46.Bd7 Kg5 47.Be6 Kf6 48.Bd5 Ke7 49.Bc4 Bd2 50.Bd5 Be1
51.Bc4 g5 52.Bd5 Kf6 53.Bc4 Bd2 54.Bd5 Be1 55.Bc4 g4+ 56.hxg4 h4 57.Kg2 Bd2
58.Kh3 Kg5 59.Bb3  1/2-1/2

[Event "Middlesex vs Young England"]
[Site "London ENG"]
[Date "2007.07.18"]
[Round "8"]
[White "Hanley,Ja"]
[Black "Lalic,B"]
[Result "0-1"]
[WhiteElo "2213"]
[BlackElo "2509"]

1.e4 c5 2.Nf3 e6 3.d4 cxd4 4.Nxd4 a6 5.Bd3 Nf6 6.O-O d6 7.Nc3 g6 8.Be3 Bg7
9.a4 O-O 10.Qe2 b6 11.f3 Bb7 12.Rfd1 Nbd7 13.Nb3 Qc7 14.Qf2 d5 15.exd5 Nxd5
16.Nxd5 Bxd5 17.Bd4 e5 18.Bc3 Rfe8 19.Bf1 Nf6 20.a5 bxa5 21.Qc5 Qd7 22.Rxa5 Bf8
23.Qe3 Qc6 24.h3 Be7 25.Kh1 Bxb3 26.cxb3 Nh5 27.Bc4 Ng3+ 28.Kh2 Nf5 29.Qe4 Qxe4
30.fxe4 Nd4 31.Bxd4 exd4 32.Rxd4 Bd8 33.Rxa6 Bc7+ 34.g3 Rxa6 35.Bxa6 Be5
36.Rd7 Bxb2 37.Bc4 Rxe4 38.Rxf7 Rxc4 39.Rf2 Bd4 40.bxc4 Bxf2 41.Kg2 Bb6 42.Kf3 Kf7
43.h4 Ke6 44.Kf4 Bc7+ 45.Kg4 Kf6 46.c5 h5+  0-1

[Event "XXII Tadeusz Gniota Mem"]
[Site "Police POL"]
[Date "2007.07.18"]
[Round "8"]
[White "Owczarzak,J"]
[Black "Figura,A"]
[Result "1/2-1/2"]
[WhiteElo "2389"]
[BlackElo "2413"]

1.e4 c5 2.Nf3 e6 3.d4 cxd4 4.Nxd4 a6 5.Bd3 Qc7 6.O-O Nf6 7.c4 Nc6 8.Nxc6 dxc6
9.Be3 e5 10.h3 Be6  1/2-1/2

[Event "Najdorf Mem GpA"]
[Site "Grodzisk Mazowiecki POL"]
[Date "2007.07.20"]
[Round "1"]
[White "Szoen,D"]
[Black "Tokarski,L"]
[Result "1-0"]
[WhiteElo "2452"]
[BlackElo "2168"]

1.e4 c5 2.Nf3 e6 3.d4 cxd4 4.Nxd4 a6 5.Bd3 g6 6.Nc3 Bg7 7.Be3 Ne7 8.Qd2 b5
9.a4 b4 10.Na2 a5 11.c3 Nbc6 12.Nb5 d5 13.cxb4 d4 14.Bh6 O-O 15.Bxg7 Kxg7
16.bxa5 Nxa5 17.Nc1 Bb7 18.O-O Rc8 19.Re1 e5 20.b4 Nc4 21.Qe2 Nd6 22.Nb3 Nxb5
23.Bxb5 f5 24.Nc5 Rxc5 25.bxc5 fxe4 26.c6 Nxc6 27.Qxe4 Rf4 28.Qe2 Rf5 29.Bd3 Rh5
30.Be4 Qf6 31.Rac1  1-0

[Event "Sun Pawn B"]
[Site "Ilichevsk UKR"]
[Date "2007.07.20"]
[Round "1"]
[White "Vavric,P"]
[Black "Kachur,A"]
[Result "1/2-1/2"]
[WhiteElo "2201"]
[BlackElo "2284"]

1.e4 c5 2.Nf3 e6 3.d4 cxd4 4.Nxd4 a6 5.Bd3 g6 6.O-O Bg7 7.Be3 Nc6 8.Nxc6 bxc6
9.Nd2 Ne7 10.a4 d5 11.a5 O-O 12.Bb6 Qd6 13.Nb3 Bxb2 14.Rb1 Be5 15.Bc5 Qd7
16.Qe2 Bd6 17.Bb6 dxe4 18.Bxe4 Nd5 19.Qd2 Rb8 20.Rfd1 Qe7 21.c4 Bb4 22.Qd4 e5
23.Qd3 Nxb6 24.axb6 Rxb6 25.Qe3 c5 26.Ra1 Kg7 27.Bd5 Qc7 28.h4 h6 29.Ra2 f5
30.Re2 Re8 31.Qc1 Qe7 32.Qa1 Qf6 33.f3 Bd7 34.Nc1 Rd6 35.Nd3 e4 36.Qxf6+ Rxf6
37.Bxe4 fxe4 38.Nxb4 cxb4 39.Rxd7+ Rf7 40.Rd6 Rf6 41.Rd7+ Rf7 42.Rd6 Rb8
43.fxe4 Ra7 44.c5 b3 45.Rb2 a5 46.Rb6 Rc8 47.R2xb3 Rxc5 48.Rb7+ Rxb7 49.Rxb7+ Kf6
50.Kf2 Ke5 51.Ke3 Rc3+ 52.Kd2 Rg3 53.h5 g5 54.Rb6 Kxe4 55.Rxh6 Rxg2+ 56.Ke1 Rh2
57.Ra6 Rxh5 58.Rxa5 Kf3 59.Ra3+ Kg2 60.Ra2+ Kg3 61.Ra3+ Kg2 62.Ra2+ Kg1 63.Ra5 Kh1
64.Kf1 Kh2 65.Kf2  1/2-1/2

[Event "2nd Crete Summer Cup"]
[Site "Agios Nikolaos GRE"]
[Date "2007.07.21"]
[Round "1"]
[White "Makropoulou,M"]
[Black "Stamatakos,D"]
[Result "1-0"]
[WhiteElo "2266"]
[BlackElo "1825"]

1.e4 e6 2.d4 c5 3.Nf3 a6 4.Bd3 cxd4 5.Nxd4 Nc6 6.Nxc6 dxc6 7.O-O e5 8.Kh1 Nf6
9.Bg5 Be7 10.Nd2 Be6 11.Qe2 b5 12.f4 exf4 13.Bxf6 Bxf6 14.e5 Be7 15.Rxf4 Bg5
16.Rf2 Bxd2 17.Qxd2 Qd4 18.Re1 Qxb2 19.Rf4 Qxa2 20.Rd4 Qb2 21.Rd6 Bd5 22.Qg5 g6
23.h4 Qc3 24.Re2 Qa1+ 25.Kh2 Qf1 26.Rf6 Qa1 27.Rf4 Be6 28.Be4 Qc3 29.Qf6 Rg8
30.Rf3 Qc5 31.Ree3 Rc8 32.Rc3 Qb6 33.Rfd3 a5 34.Rd6 Bd7 35.Rxd7  1-0

[Event "Najdorf Mem GpA"]
[Site "Grodzisk Mazowiecki POL"]
[Date "2007.07.21"]
[Round "2"]
[White "Moskwinski,T"]
[Black "Staroszczyk,M"]
[Result "0-1"]
[WhiteElo "2246"]
[BlackElo "2050"]

1.e4 c5 2.Nf3 e6 3.d4 cxd4 4.Nxd4 a6 5.Bd3 Bc5 6.Nb3 Ba7 7.c4 Nc6 8.Nc3 d6
9.Qe2 Nge7 10.O-O O-O 11.Rd1 e5 12.Be3 Be6 13.Nd5 a5 14.a4 f5 15.Bxa7 Rxa7
16.exf5 Nxf5 17.Bxf5 Bxf5 18.Qe3 Bc2 19.Rd2 Bxb3 20.Qxb3 Nd4 21.Qh3 Qg5 22.Rd3 b6
23.Re1 Raf7 24.f4 Qg6 25.Rg3 Qc2 26.Qg4 Qxc4 27.Nf6+ Kh8 28.Rc3 Qb4 29.Nd7 Qxb2
30.Rh3 Rxf4 31.Qg3 Ne2+  0-1

[Event "Quebec Open"]
[Site "Montreal CAN"]
[Date "2007.07.21"]
[Round "2"]
[White "Jiang,L"]
[Black "Kunte,A"]
[Result "0-1"]
[WhiteElo "2072"]
[BlackElo "2519"]

1.e4 c5 2.Nf3 e6 3.d4 cxd4 4.Nxd4 a6 5.Bd3 g6 6.c3 Bg7 7.Be3 d6 8.O-O Nf6
9.f4 O-O 10.Nb3 b6 11.N1d2 Bb7 12.Qe2 Nbd7 13.Rad1 Qc7 14.Kh1 b5 15.Rc1 Rac8
16.Bg1 Qb8 17.Na5 Ba8 18.a4 bxa4 19.Bxa6 Rc7 20.Nac4 d5 21.Nd6 dxe4 22.N2xe4 Rc6
23.Rfd1 Nxe4 24.Nxe4 Rxa6 25.Qxa6 Bxe4 26.Rxd7 Qxb2 27.Qf1 Bxg2+ 28.Qxg2 Qxc1
29.Qf3 a3 30.Ra7 Bxc3 31.Qe3 Qxe3 32.Bxe3 Bb2 33.Bc5 Rc8 34.Bxa3 Bxa3 35.Rxa3 Rc2
36.Kg1 Kg7 37.Ra5 Rc4  0-1

[Event "Czech Open GMA"]
[Site "Pardubice CZE"]
[Date "2007.07.21"]
[Round "2"]
[White "Holloway,T"]
[Black "Zpevak,P"]
[Result "1/2-1/2"]
[WhiteElo "2092"]
[BlackElo "2423"]

1.e4 c5 2.Nf3 e6 3.d4 cxd4 4.Nxd4 a6 5.Bd3 Nf6 6.O-O Qc7 7.Qe2 d6 8.Kh1 g6
9.f4 Bg7 10.Nc3 O-O 11.Bd2 b5 12.Rae1 Bb7 13.e5 dxe5 14.fxe5 Nfd7 15.Ne4 Qxe5
16.Bc3 Qd5 17.Nf3 Nc6 18.Bxg7 Kxg7 19.c4 bxc4 20.Bxc4 Qa5 21.Nd6 Qc7 22.Nxf7 Rxf7
23.Ng5 Rxf1+ 24.Rxf1 Nd4 25.Qf2 Qe5 26.Qxd4 Qxd4 27.Nxe6+  1/2-1/2

[Event "OK Open"]
[Site "Stillwater USA"]
[Date "2007.07.21"]
[Round "2"]
[White "Tuvshintugs,B"]
[Black "Coleman,M"]
[Result "0-1"]
[WhiteElo "2236"]
[BlackElo "2201"]

1.e4 c5 2.Nf3 e6 3.d4 cxd4 4.Nxd4 a6 5.Bd3 Qc7 6.Qe2 Nc6 7.Nb3 Nf6 8.f4 d6
9.Nc3 Be7 10.g4 Nd7 11.g5 b5 12.Be3 Bb7 13.O-O-O Nb4 14.Rhe1 Nc5 15.Kb1 Rc8
16.Bd4 Nbxd3 17.cxd3 Nxb3 18.axb3 O-O 19.Rc1 Qd8 20.Qh5 e5 21.Be3 d5 22.exd5 Bxd5
23.f5 Bxb3 24.f6 Bb4 25.fxg7 Re8 26.Qe2 Qa5 27.Qd2 Red8 28.d4 exd4 29.Bxd4 Bxc3
30.bxc3 Rxd4 31.Qb2 Bc4  0-1

[Event "XII Open"]
[Site "Balaguer ESP"]
[Date "2007.07.22"]
[Round "7"]
[White "Luther,T"]
[Black "Soumya,Sw"]
[Result "1-0"]
[WhiteElo "2529"]
[BlackElo "2178"]

1.e4 c5 2.Nf3 e6 3.d4 cxd4 4.Nxd4 a6 5.Bd3 Nf6 6.O-O Qc7 7.Qe2 d6 8.c4 g6
9.Nc3 Bg7 10.Be3 Nbd7 11.f3 O-O 12.Rac1 b6 13.Qd2 Bb7 14.Rfd1 Rfe8 15.Bf1 Rad8
16.b4 Bf8 17.Qf2 Qb8 18.Na4 d5 19.exd5 Bxb4 20.Nc6 Bxc6 21.dxc6 Nc5 22.Rxd8 Qxd8
23.Rb1 Ba5 24.Nxb6 Bxb6 25.Bxc5 Bc7 26.Qd4 Qxd4+ 27.Bxd4 e5 28.Bb6 Rb8 29.Bxc7 Rxb1
30.Bxe5 Ne8 31.c7 Nxc7 32.Bxc7 Kf8 33.a4 Ke7 34.a5 Kd7 35.Bb6 Kc6 36.c5 f5
37.Kf2 Kb7 38.Bc4 Rd1 39.Ke3 g5 40.Bd3  1-0

[Event "Quebec Open"]
[Site "Montreal CAN"]
[Date "2007.07.22"]
[Round "3"]
[White "Shomoev,A"]
[Black "Kunte,A"]
[Result "1/2-1/2"]
[WhiteElo "2561"]
[BlackElo "2519"]

1.e4 c5 2.Nf3 e6 3.d4 cxd4 4.Nxd4 a6 5.Bd3 Ne7 6.c4 Nbc6 7.Ne2 d5 8.exd5 exd5
9.O-O dxc4 10.Bxc4 Qxd1 11.Rxd1 Ng6 12.Nbc3 Be7 13.Nd5 Bd8 14.Nec3 O-O 15.Be3 Be6
16.Ne4 Nge7 17.Nxe7+ Bxe7 18.Bxe6 fxe6 19.Rd7 Rab8 20.Rad1 Rfd8 21.Bb6 Rxd7
22.Rxd7 Bd8 23.Be3 Ne5 24.Rd1 Nc4 25.Bf4 Rc8 26.b3 Nb6 27.Nc5 Rxc5 28.Rxd8+ Kf7
29.Rb8 Nd5 30.Rxb7+ Kf6 31.g3 Nxf4 32.gxf4 Rc2 33.a3 Rc3 34.Kg2 h5 35.a4 a5
36.Rb5 g6 37.Rxa5 Rxb3 38.Ra8 Ra3 39.a5 e5 40.Ra6+ Kf5 41.fxe5 g5 42.e6 Kf6
43.Kf1 Ra2 44.Kg2 Ra3 45.Ra8 Kxe6 46.a6 Kf6 47.f3 h4 48.a7 Kg7 49.Kf2 Kh7
50.Ke2 Kg7 51.Kd2 Kh7 52.Kc2 Kg7 53.Kb2 Ra5 54.Kb3 Ra1 55.Kb4 Ra2 56.Kc5 Ra1
57.Kd5 Ra5+ 58.Ke6 Ra3 59.h3 Re3+ 60.Kd6 Rd3+ 61.Kc5 Ra3 62.Kb5 Ra1 63.Kc6 Ra3
64.Kd5 Rd3+ 65.Ke4 Ra3 66.Ke5 Re3+ 67.Kd5 Rd3+ 68.Ke6 Re3+ 69.Kf5 Rxf3+ 70.Kxg5 Ra3
71.Kxh4 Ra4+ 72.Kg5 Ra5+ 73.Kf4 Ra4+ 74.Ke5 Ra1 75.h4 Ra2 76.h5 Kh7 77.Kd4 Ra1
78.h6  1/2-1/2

[Event "Sun Pawn Open"]
[Site "Ilichevsk UKR"]
[Date "2007.07.23"]
[Round "4"]
[White "Khaetsky,R"]
[Black "Kalinina,O"]
[Result "1-0"]
[WhiteElo "2379"]
[BlackElo "2208"]

1.e4 c5 2.Nf3 e6 3.d4 cxd4 4.Nxd4 a6 5.Bd3 Qc7 6.O-O Nf6 7.c4 d6 8.Nc3 b6
9.Qe2 Nbd7 10.f4 Bb7 11.Kh1 Be7 12.Bd2 O-O 13.Rae1 Rad8 14.f5 e5 15.Nc2 Rc8
16.Bg5 Rfe8 17.Ne3 Qb8 18.Bxf6 Nxf6 19.g4 h6 20.h4 Qa8 21.Qf3 Nh7 22.Qg3 Nf6
23.Ned5 Bxd5 24.exd5 Nh7 25.g5 hxg5 26.f6 Nxf6 27.hxg5 Nh5 28.Qh3 g6 29.Bxg6 fxg6
30.Qe6+ Kh7 31.Rf7+ Ng7 32.Qh3+ Kg8 33.Rxg7+ Kxg7 34.Qh6+  1-0

[Event "XII Open"]
[Site "Balaguer ESP"]
[Date "2007.07.24"]
[Round "9"]
[White "Grover,S"]
[Black "Castellanos,R"]
[Result "0-1"]
[WhiteElo "2183"]
[BlackElo "2471"]

1.e4 c5 2.Nf3 e6 3.d4 cxd4 4.Nxd4 a6 5.Bd3 Qb6 6.Nb3 Qc7 7.Nc3 Nf6 8.Qe2 d6
9.f4 Nbd7 10.O-O Be7 11.Bd2 b5 12.Rae1 b4 13.Nd1 O-O 14.e5 Nd5 15.exd6 Bxd6
16.c4 N5f6 17.Ne3 Bb7 18.Ng4 Nxg4 19.Qxg4 Nc5 20.Bc2 Nxb3 21.axb3 Rad8 22.Be3 g6
23.Qh4 Bc5 24.Qf2 Bxe3 25.Qxe3 Qc6 26.Qf2 Rd4 27.Qe2 Rfd8 28.Rd1 a5 29.Qf2 R8d6
30.Qe2 Qc5 31.Qf2 Rd2 32.Qxc5 Rxg2+ 33.Kh1 Rxc2+ 34.Kg1 Rg2+ 35.Kh1 Rg5+
36.Rd5 Rdxd5  0-1

[Event "Open NK"]
[Site "Dieren NED"]
[Date "2007.07.24"]
[Round "1"]
[White "Schoorl,R"]
[Black "Ten Hertog,H"]
[Result "1-0"]
[WhiteElo "2277"]
[BlackElo "2084"]

1.e4 c5 2.Nf3 e6 3.d4 cxd4 4.Nxd4 a6 5.Bd3 d6 6.O-O b5 7.a4 e5 8.Nf3 b4 9.c3 bxc3
10.Nxc3 Nf6 11.Bc4 Qc7 12.Qb3 Qb7 13.Qxb7 Bxb7 14.Ng5 d5 15.exd5 h6 16.Nf3 Bd6
17.Re1 O-O 18.Nxe5 Re8 19.Nd3 Rxe1+ 20.Nxe1 Nbd7 21.Be3 Rc8 22.Ba2 Be5 23.Rc1 Ng4
24.Nf3 Nxe3 25.Nxe5 Nxe5 26.fxe3 Nd3 27.Rc2 Nb4 28.Rd2 Rd8 29.Bc4  1-0

[Event "Open NK"]
[Site "Dieren NED"]
[Date "2007.07.24"]
[Round "1"]
[White "Schenkeveld,Da"]
[Black "De Jong,M"]
[Result "0-1"]
[WhiteElo "2085"]
[BlackElo "2286"]

1.e4 c5 2.Nf3 e6 3.d4 cxd4 4.Nxd4 a6 5.Bd3 Bc5 6.Nb3 Ba7 7.O-O Ne7 8.Qe2 d6
9.Be3 Nbc6 10.c4 O-O 11.Nc3 e5 12.Rad1 Be6 13.Bxa7 Rxa7 14.Bb1 Qb8 15.Nd5 b6
16.f4 exf4 17.Nxf4 Ng6 18.Nxe6 fxe6 19.Rxf8+ Nxf8 20.a3 Kh8 21.Nd4 Nxd4 22.Rxd4 e5
23.Rd5 Ne6 24.Qd2 Nd4 25.Bd3 Rf7 26.Qb4 Rf6 27.Qa4 Qc8 28.c5 h6 29.h3 bxc5
30.Qxa6 Qd7 31.Bc4 Kh7 32.Qa8 Qe7 33.Qc8 Rf8 34.Qg4 Rf4 35.Qc8 Rf8 36.Qg4 Qf6
37.Kh2 Qf2 38.Kh1 Qxb2 39.Qd1 Rf6 40.a4 Rg6 41.Bf1 c4 42.g4 c3 43.Bd3 Qf2
44.a5 Nf3  0-1

[Event "Open NK"]
[Site "Dieren NED"]
[Date "2007.07.26"]
[Round "3"]
[White "Spaan,N"]
[Black "Ten Hertog,H"]
[Result "1/2-1/2"]
[WhiteElo "2178"]
[BlackElo "2084"]

1.e4 c5 2.Nf3 e6 3.d4 cxd4 4.Nxd4 a6 5.Bd3 Nc6 6.Nxc6 dxc6 7.O-O e5 8.f4 exf4
9.Bxf4 Be6 10.Kh1 Bc5 11.Nd2 Ne7 12.Qh5 Bd4 13.Nf3 Ng6 14.Bd2 Bf6 15.e5 Be7
16.Rae1 Qd7 17.Ng5 Bxg5 18.Qxg5 Qe7 19.Qg3 O-O 20.Bg5 Qc7 21.h4 h5 22.Bd2 Bg4
23.Bb4 c5 24.Bc3 Rac8 25.b3 Qe7 26.Bxg6 fxg6 27.Kg1 Qe6 28.Qe3 b6 29.a4 Qe7
30.Qg5 Qxg5 31.hxg5 Rxf1+ 32.Rxf1 Rd8 33.Rf2 Rd7 34.b4 c4 35.a5 b5 36.Rd2 Rxd2
37.Bxd2 Kf7 38.Kf2 Ke6 39.Bf4 Kd5 40.Ke3 Bf5 41.c3 Be6 42.Bh2 Bf5 43.Kf4 Be6
44.Bg1 Bf5 45.Bc5 Be6 46.Bf2 Bf5 47.Bc5 Be6  1/2-1/2

[Event "MTO"]
[Site "Biel SUI"]
[Date "2007.07.27"]
[Round "5"]
[White "Swathi,G"]
[Black "Meier,Geo"]
[Result "1/2-1/2"]
[WhiteElo "2317"]
[BlackElo "2546"]

1.e4 c5 2.Nf3 e6 3.d4 cxd4 4.Nxd4 a6 5.Bd3 Bc5 6.Nb3 Be7 7.c4 d6 8.Nc3 Nf6
9.O-O Qc7 10.f4 Nbd7 11.Qf3 b6 12.Bd2 Bb7 13.Rae1 h5 14.Qe2 Rd8 15.Rf3 g6
16.Nd5 exd5 17.exd5 O-O 18.Re3 Ne5 19.fxe5 dxe5 20.h3 Nd7 21.Bc3 Bh4 22.Rf1 Rde8
23.Rf5 Qd8 24.Rxh5 gxh5 25.Qxh5 f5 26.Qg6+ Kh8 27.Qh6+ Kg8 28.Qg6+  1/2-1/2

[Event "Najdorf Mem GpA"]
[Site "Grodzisk Mazowiecki POL"]
[Date "2007.07.27"]
[Round "8"]
[White "Brzeski,M"]
[Black "Stoma,P"]
[Result "0-1"]
[WhiteElo "2356"]
[BlackElo "2233"]

1.e4 c5 2.Nf3 e6 3.d4 cxd4 4.Nxd4 a6 5.Bd3 Nf6 6.O-O Qc7 7.Qe2 d6 8.c4 b6
9.Nc3 Bb7 10.f4 Nbd7 11.Bd2 g6 12.f5 e5 13.Nc2 Bg7 14.b4 Nh5 15.g3 Rc8 16.Rac1 Qb8
17.Qf3 O-O 18.Ne3 Bh6 19.Rf2 Ndf6 20.h4 b5 21.g4 Nf4 22.Bf1 Qa8 23.Ncd5 Bxd5
24.exd5 g5 25.hxg5 Bxg5 26.Ng2 bxc4 27.Nxf4 c3 28.Rxc3 Rxc3 29.Bxc3 Bxf4
30.Bd2 Nxd5 31.Bg2 Bxd2 32.Rxd2 Qa7+ 33.Kh2 Nf4 34.Rxd6 Qe7 35.Rxa6 Qxb4
36.f6 Qe1 37.a4 h6 38.a5 Ne2 39.Qe3 Qh4+ 40.Bh3 Nf4 41.Qg3 Qg5 42.Rd6 Rb8
43.Bf1 Rb2+ 44.Kg1 e4 45.Rc6 h5 46.a6 h4 47.Qa3 Qxg4+ 48.Kh1 Rf2 49.Rc8+ Qxc8
50.Bg2 Rxg2 51.a7 Rg1+ 52.Kxg1 Qg4+ 53.Kf2 Qe2+  0-1

[Event "Quebec Open"]
[Site "Montreal CAN"]
[Date "2007.07.27"]
[Round "8"]
[White "Jiang,L"]
[Black "Hua,L"]
[Result "1/2-1/2"]
[WhiteElo "2072"]
[BlackElo "2323"]

1.e4 c5 2.Nf3 e6 3.d4 cxd4 4.Nxd4 a6 5.Bd3 Bc5 6.Nb3 Ba7 7.Nc3 Nc6 8.Qe2 d6
9.Be3 Nge7 10.O-O O-O 11.Rfd1 Ng6 12.Bxa7 Rxa7 13.Qe3 b5 14.a4 b4 15.Ne2 Qc7
16.h3 e5 17.Bc4 Nce7 18.Qd3 Bb7 19.c3 bxc3 20.Rac1 Qc6 21.Nxc3 Nf4 22.Qf1 Rc8
23.Na5 Qb6 24.Nxb7 Qxb7 25.b3 Qb6 26.a5 Qb4 27.g3 Ne6 28.Qd3 Nd4 29.Bxa6 Rca8
30.Bc4 Rxa5 31.Ne2 Nxe2+ 32.Qxe2 Ra2 33.Qf3 Rf8 34.Bf1 Rb2 35.Rd3 f5 36.Rc4 Qb7
37.Rxd6 fxe4 38.Qxe4 Rxb3 39.Qxe5 Ng6 40.Qe6+ Kh8 41.Rc2 Rb1 42.Rdc6 Qb5
43.Rc1 Rxc1 44.Rxc1 Qb2 45.Qe3 Rxf2 46.Qxf2 Qxc1  1/2-1/2